Anotaciones y observaciones a las "Breves respuestas al programa de Historia patria": porte
Síntesis: Documento en el que Miguel Palomar hizo algunas correciones al escrito del Sacerdote Rafael Ramírez Torres, titulado "Breves respuestas al Programa de Historia Patria" en este documento sobre todo corrige algunos datos acerca de los caballeros de Colón, de Francisco I. Madero, de Luis Segu...
Na minha lista:
| Autor principal: | |
|---|---|
| Formato: | Livro |
| Assuntos: | |
| Tags: |
Sem tags, seja o primeiro a adicionar uma tag!
|
MARC
| LEADER | 00000nam^a2200000^a^4500 | ||
|---|---|---|---|
| 001 | 000250777 | ||
| 005 | 20250526000000.0 | ||
| 009 | 20260310105826.699 | ||
| 035 | |a R01780 | ||
| 037 | |a Acervo Xavier Clavigero | ||
| 082 | |a 21. 2 |b PAL V. LIBRO 11 DOC 102/111 | ||
| 100 | |a Palomar y Vizcarra, Miguel |e (autor) | ||
| 245 | 1 | 0 | |a Anotaciones y observaciones a las "Breves respuestas al programa de Historia patria": |b porte |
| 264 | |a México : |b Destinatario: Ramírez Torres, Rafael, Sacerdote, |c 1941 | ||
| 300 | |a 2 fojas, mcs/cop., 21.5x28 | ||
| 336 | |a texto |b txt |2 rdacontenido | ||
| 337 | |a sin mediación |b n |2 rdamedio | ||
| 338 | |a volumen |b nc |2 rdasoporte | ||
| 520 | |a Síntesis: Documento en el que Miguel Palomar hizo algunas correciones al escrito del Sacerdote Rafael Ramírez Torres, titulado "Breves respuestas al Programa de Historia Patria" en este documento sobre todo corrige algunos datos acerca de los caballeros de Colón, de Francisco I. Madero, de Luis Segura Vilchis y de otros. | ||
| 598 | |a Documento | ||
| 598 | |a En la biblioteca del ILFC, Guadalajara, Jal. | ||
| 598 | |a Fechas que cita el documento: 1923/Diciembre/8, 1926/Diciembre/10 | ||
| 649 | |a XX | ||
| 650 | |a * Palomar y Vizcarra, Miguel - |x Correspondencia, memorias, etc | ||
| 650 | |a Archivos | ||
| 650 | |a * Fernández Somellera, Gabriel | ||
| 650 | |a * Wilson, Thomas Woodrow | ||
| 650 | |a León Toral, José de | ||
| 650 | |a Huarte, Ana María, |c Emperatriz de México | ||
| 650 | |a * Barquín y Ruiz, Andrés | ||
| 650 | |a Iturbide, Agustín de, Emperador de México | ||
| 650 | |a Díaz, Porfirio | ||
| 650 | |a * Pulido Silva, Adolfo | ||
| 650 | |a * Mora y del Río, José | ||
| 650 | |a Segura Vilchis, Luis | ||
| 650 | |a Huerta, Victoriano | ||
| 650 | |a Madero, Francisco I. | ||
| 650 | |a * Robles Domínguez, Alfredo | ||
| 600 | |a Calles, Plutarco Elías | ||
| 910 | |a Fondo Jesús Gómez Fregoso S.J. FXC | ||
| 920 | |a Impresos - Documentos | ||
| 930 | |a Libros Antiguos y Raros | ||
| 940 | |a Guerra Cristera | ||
| 905 | |a 110 | ||
| 901 | |a R01780 |b IT2 |c LRA |i R01780 |u 20250526 | ||
| 902 | |a https://opac.biblio.iteso.mx/vufind/Record/000250777 | ||